000 00600nam a2200181 i 4500
001 46220
003 ES-MaACL
005 20250822012740.0
007 t|
008 030328s1960 sp ||||1| spa d
100 1 _aCombaluzier, Carlos.
_939959
245 1 3 _aEl niño aislado y el hijo único
_b: ensayo de psicopedagogía /
_cCarlos Combaluzier ; traducción de Antonio Alvarez de Linera.
260 _aMadrid :
_bStvdivm,
_c[1960]
300 _a131 p. ;
_c18 cm.
700 1 _aÁlvarez de Linera, Antonio,
_d1888-1961
_9149717
852 _aES-MaACL
_jC-19247
_bR.47173
999 _c46220
_d46220